000 00734nam a2200277 i 4500
001 C2-0244611
003 PPAK
005 20180727205827.0
008 030105s2003 my |||| ||||| | may d
020 _a9832472628
040 _aPPAK
_beng
_cPPAK
_erda
082 0 4 _a899.233
_223
090 0 0 _a899.233
_bNUR
_dK
100 0 _aNur Azlan,
_eauthor
245 1 0 _aTembakan beracun
264 1 _aKuala Lumpur :
_bPenerbitan PCT ,
_c2003
300 _a80 pages ;
_c19 cm
336 _2rdacontent
_atext
337 _2rdamedia
_aunmediated
338 _2rdacarrier
_avolume
490 1 _aSiri jejak jenayah
500 _a2 cerita dalam 1
650 1 0 _aChildren's stories, Malay
830 0 _aSiri jejak jenayah
942 _ddc
_cB
999 _c58813
_d58813